Nhập môn về cơ sở dữ liệu quan hệ và lập trình SQL /

Spremljeno u:
Bibliografski detalji
Glavni autor: Allen, Christopher
Format: Knjiga
Jezik:Vietnamese
Izdano: TKE 2004
Oznake: Dodaj oznaku
Bez oznaka, Budi prvi tko označuje ovaj zapis!
Thư viện lưu trữ: Mạng thư viện Đại học Đà Nẵng
LEADER 00724nam a2200265 4500
001 000026975
003 AL-C
005 20150403120000.0
008 150403s vm 000 vie
020 |c 0,0000 
040 |a notts 
100 |a Allen, Christopher 
245 |a Nhập môn về cơ sở dữ liệu quan hệ và lập trình SQL /  |c Christopher Allen, Simon ChatWin, Catherine A. Creary ; Xuân Toại, Gia Việt biên dịch. 
260 |b TKE  |c 2004 
OWN |a LTT 
999 |a From the UDN01 
TYP |a Monograph 
TYP |a Printed language 
980 |a Mạng thư viện Đại học Đà Nẵng